000 00372nam a2200157Ia 4500
008 230917s9999||||xx |||||||||||||| ||und||
020 _cPOU11.99
040 _e6530
_aMAIN
041 _aEnglish
082 _a155.5 N722A
100 _aNoller, Patricia
245 0 _aAdolescent in the family
260 _aLondon
_bRoutledge
_c1991
300 _aix, 172 p.
942 _cBK
999 _c82974
_d82974